00617nam a2200169Ia 4500008004100000100002300041245009400064245004900158260003900207260000900246300000800255650001800263650001500281856005900296999001900355952007300374170221s9999 xx 000 0 und d aBenoit, William L. 2aA Functional Analysis of 2013 Australian Member of Parliament and Prime Minister Debates  cWilliam L. Benoit, Jennifer M. Benoit-Bryan. bStudies in Media and Communication c2013 a2 : xCommunication xMedia Arts uhttp://redfame.com/journal/index.php/smc/issue/view/43 c308835d308835 001040aCLbCLd2017-02-21l0r2017-02-21 00:00:00w2017-02-21yFOJ